| 000 | 00454nam a22001697a 4500 | ||
|---|---|---|---|
| 999 |
_c524394 _d524394 |
||
| 003 | NUST | ||
| 038 | _awaseem | ||
| 082 |
_a891.423 _bKHA |
||
| 100 |
_aKhan, Hina _915215 |
||
| 245 |
_aMorhi De Diva : _bEk Wirwa / _cHina Khan |
||
| 260 |
_aLahore : _bMaqsood Publishers, _c2006. |
||
| 300 | _a104 p. ; | ||
| 500 | _aHardcover. | ||
| 880 |
_6100-01\r _aحنا خان |
||
| 880 |
_6245-02\r _aمڑھی دا دیوا : _bاک ویروا / |
||
| 942 |
_2ddc _cBK |
||